| 000 | 00700nmc a2200253 a 4500 | ||
|---|---|---|---|
| 003 | AR-BaBNM | ||
| 005 | 20251128203335.0 | ||
| 008 | 011101s1977 ||||||||||||||000 | spa|| | ||
| 020 | _a950-13-6722-3 | ||
| 040 | _cAR-BaBNM | ||
| 100 | 1 | _aFischer, Rosa | |
| 245 | 1 | 0 | _aEnseñanza individualizada para el aprendizaje de la ortografía |
| 250 | _a1ª ed. | ||
| 260 |
_aBuenos Aires _bKapelusz _c1977 |
||
| 300 |
_a48 p. _bil. |
||
| 490 | 0 |
_aCuaderno pedagógico _vv. 37 |
|
| 650 | 4 | _aENSENANZA DE LA ORTOGRAFIA | |
| 650 | 4 | _aENSENANZA INDIVIDUALIZADA | |
| 650 | 4 | _aFICHAS ESCOLARES | |
| 650 | 4 | _aACTIVIDADES DE APRENDIZAJE | |
| 653 | _aEDUCACION PRIMARIA | ||
| 942 | _cBK | ||
| 998 | _cCarmen | ||
| 999 |
_c2972 _d2972 |
||